| 000 | 00931nam2a2200265 4500 | ||
|---|---|---|---|
| 001 | RU\NLR\bibl\1760665 | ||
| 005 | 20250616124008.0 | ||
| 010 |
_a978-5-17-071884-9 _bАСТ |
||
| 010 |
_a978-5-271-33032-2 _bАстрель _925000 |
||
| 021 |
_aRU _b2011-24194 _91718 |
||
| 035 | _a(NLR Aleph) 001751482 | ||
| 090 |
_a1521616 _c1521616 |
||
| 100 | _a20110419d2011 |||y0rusy50 ca | ||
| 101 | 0 | _arus | |
| 102 | _aRU | ||
| 105 | _aa ||||||||| | ||
| 200 | 0 | _aЧ. 1 | |
| 210 |
_d2011 _aБ. м. |
||
| 215 |
_a125, [3] c. _cцв. ил. |
||
| 461 | 0 |
_1001RU\NLR\bibl\1836610 _12001#$aМатематика$vЧ. 1 _92086319 _aБашмаков, М. И. _cМосква _d2011 _fМ.И. Башмаков, М.Г. Нефедова _nАСТ _o1 класс : учебник : в 2-х ч. _tМатематика _y9785170652129 _vЧ. 1 |
|
| 801 | 0 |
_aRU _bNLR _c20110419 _gRCR |
|
| 801 | 1 |
_aRU _bNLR _c20110419 |
|
| 942 | _cBOOK | ||
| 980 | _aNB | ||